000 00951nam a22001815i 4500
001 164586
003 ES-MaACL
005 20230906212950.0
008 050729s1848 sp | |||||||| ||spa d
040 _aCAM
_bspa
_cCAM
100 1 _aSánchez del Arco, Francisco.
_9133033
245 1 0 _aUrganda, la desconocida
_b: drama de magia, en prosa y verso /
_cpor Francisco Sánchez del Arco.
260 _aCadiz :
_bImprenta, libreria y litografia de la Revista Médica á cargo de Juan B. de Gaona,
_c1848.
300 _a91 p. ;
_c18 cm.
500 _aEn port.: Estrenóse en el teatro del Balon el dia 2 de mayo del año de 1845.
852 _aES-MaACL
_jF-8582 (2)
_z-- Enc. pasta española
_z-- Enc. en un vol. facticio formando parte de la col. facticia "Teatro español moderno", vol. 35
852 _aES-MaACL
_jF-8582 (3)
_z-- Enc. pasta española
_z-- Enc. en un vol. facticio formando parte de la col. facticia "Teatro español moderno", vol. 35
999 _c164586
_d164586